[Event "imp"]
[Site "?"]
[Date "2015.04.01"]
[Round "8.10"]
[White "Skawinski, Arkadiusz"]
[Black "Matuszewski, Michal"]
[Result "0-1"]
[LiveChessVersion "1.4.4"]
[BlackElo "2463"]
[WhiteElo "2388"]

1. e4 Nf6 2. e5 Nd5 3. Nc3 Nxc3 4. dxc3 d6 5. Bf4 Nc6 6. Nf3 Bg4 7. Bb5 Qd7 8.
Qd3 a6 9. Ba4 e6 10. c4 b5 11. cxb5 Nb4 12. Qe2 Nd5 13. Bg3 Nb6 14. Bb3 axb5 15.
exd6 cxd6 16. Qe4 Bxf3 17. Qxf3 Be7 18. O-O O-O 19. c3 Rfc8 20. a3 Bf6 21. Rad1
d5 22. Rfe1 Qd8 23. h3 g6 24. Bf4 Bg7 25. Re2 Nc4 26. Qg3 Ra6 27. Bg5 Bf6 28. Bc1
Bh4 29. Qf4 Qf6 30. Qh6 Qd8 31. Qf4 Be7 32. Qg3 Bd6 33. Bf4 Bxf4 34. Qxf4 Kg7 35.
Rd3 Qf6 36. Qg3 h6 37. h4 Nd6 38. h5 Ne4 39. Qg4 Qf5 40. Qxf5 gxf5 41. Rh3 Kf6
42. f3 Nxc3 43. Rc2 Rcc6 44. bxc3 Rxa3 45. Rb2 Rxc3 46. f4 Rxh3 47. gxh3 Ke7 48.
Kf2 Kd6 49. Bd1 Kc5 50. Rc2+ Kd4 51. Rb2 Ke4 52. Rb4+ d4 53. Bc2+ Kxf4 54. Rxd4+
Ke5 55. Rd7 b4 56. Bd1 Rxh3 57. Rxf7 Kf4 58. Be2 Rh2+ 59. Kf1 e5 60. Rb7 Ke3 61.
Bc4 Rf2+ 62. Kg1 Rb2 63. Rb6 Kf3 64. Rxh6 Rg2+ 65. Kh1 Rg4 66. Bf1 Kf2 67. Bh3
Rh4 68. Kh2 e4 69. Rg6 f4 70. Rg2+ Kf3 0-1

[Event "imp"]
[Site "?"]
[Date "2015.04.01"]
[Round "8.11"]
[White "Krysztofiak, Marcin"]
[Black "Przybylski, Wojciech"]
[Result "1/2-1/2"]
[LiveChessVersion "1.4.4"]
[BlackElo "2378"]
[WhiteElo "2410"]

1. Nf3 c5 2. e3 Nf6 3. d4 e6 4. c4 cxd4 5. exd4 b6 6. Nc3 Bb7 7. a3 d6 8. Be2 Be7
9. O-O O-O 10. b4 Nbd7 11. Bf4 a6 12. Qb3 Ne4 13. Nxe4 Bxe4 14. Nd2 Bb7 15. Bf3
Bxf3 16. Qxf3 Ra7 17. Ne4 e5 18. dxe5 dxe5 19. Be3 Qc8 20. Rac1 Rc7 21. Rfd1 Qb7
22. Nc3 Qxf3 23. gxf3 Bd8 24. c5 bxc5 25. bxc5 Nb8 26. Rb1 Nc6 27. Nd5 Rc8 28.
Nb4 a5 29. Nxc6 Rxc6 30. Rd6 Rc8 31. Ra6 f5 32. f4 Rf6 33. Rxf6 gxf6 34. Rb7 Bc7
35. fxe5 fxe5 36. Ra7 Kf7 37. Bd2 Ke6 38. Bxa5 Bxa5 39. Rxa5 Kd5 40. Ra7 h6 41.
Rf7 Ke4 42. Rf6 Rxc5 43. Rxh6 Rc3 44. Kg2 Rxa3 45. Rb6 Kf4 46. Rg6 Ra8 47. Rg7
Ra2 48. Rg8 Ra7 49. Rg6 Ra8 50. Rg7 Rh8 51. Rg6 Rh4 52. Ra6 Rg4+ 53. Kf1 Rg8 54.
Ra4+ e4 55. Ra3 Rh8 56. Kg2 Rg8+ 57. Kf1 Rb8 58. Kg2 Rb2 59. Rc3 Re2 60. Kf1 Rd2
61. Kg2 Ra2 62. Rb3 Kg5 63. Rb8 Rd2 64. Re8 Kg4 65. Re7 Kf4 66. Re8 Re2 67. Re7
Rb2 68. Re8 Ra2 69. Re7 Ra8 70. Rg7 Ke5 71. Re7+ Kf6 72. Rb7 Rg8+ 73. Kf1 Kg5 74.
Rb3 Kf4 75. Ra3 Rd8 76. Kg2 Rb8 77. Rc3 Rb2 78. Ra3 Rc2 79. Rb3 Ra2 80. Rc3 Rd2
81. Ra3 Kg5 82. Ra8 Kg6 83. Rf8 Ra2 84. Kg3 Ra3+ 85. Kg2 Rb3 86. Kf1 Rb2 87. Kg2
Kg5 88. Rg8+ Kf6 89. Re8 Ra2 90. Kf1 Kg5 91. Kg2 Kf4 92. Re7 Ra8 93. Rg7 Ke5 94.
Re7+ Kd5 95. Kg3 Kd6 96. Rb7 Ra3+ 97. Kg2 f4 98. Rf7 Ke5 99. Re7+ Kf5 100. Rf7+
Kg5 101. Re7 Ra4 102. Re8 Rc4 103. Rg8+ Kf6 104. Rf8+ Kg5 105. Rg8+ Kh5 106. Rf8
Kg5 1/2-1/2

[Event "imp"]
[Site "?"]
[Date "2015.04.01"]
[Round "9.1"]
[White "Klekowski, Maciej"]
[Black "Duda, Jan-krzysztof"]
[Result "1/2-1/2"]
[LiveChessVersion "1.4.4"]
[BlackElo "2597"]
[WhiteElo "2434"]

1. c4 {[%clk 1:30:57]} c5 {[%clk 1:30:47]} 2. g3 {[%clk 1:30:48]} Nc6
{[%clk 1:30:58]} 3. Bg2 {[%clk 1:30:57]} g6 {[%clk 1:31:03]} 4. Nf3
{[%clk 1:30:57]} Bg7 {[%clk 1:31:18]} 5. Nc3 {[%clk 1:31:11]} e5 {[%clk 1:30:46]}
6. d3 {[%clk 1:30:16]} Nge7 {[%clk 1:29:16]} 7. O-O {[%clk 1:24:20]} d6
{[%clk 1:27:39]} 8. Ne1 {[%clk 1:15:01]} Be6 {[%clk 1:22:33]} 9. Nc2
{[%clk 1:13:09]} d5 {[%clk 1:19:05]} 10. cxd5 {[%clk 1:12:22]} Nxd5
{[%clk 1:19:24]} 11. Ne3 {[%clk 1:04:58]} Nde7 {[%clk 1:15:47]} 12. Qa4
{[%clk 0:47:11]} O-O {[%clk 1:09:59]} 13. Ne4 {[%clk 0:45:53]} b6
{[%clk 1:04:47]} 14. Nxc5 {[%clk 0:46:00]} bxc5 {[%clk 1:05:03]} 15. Bxc6
{[%clk 0:46:27]} Nxc6 {[%clk 1:05:23]} 16. Qxc6 {[%clk 0:46:53]} Rc8
{[%clk 0:57:17]} 17. Qa6 {[%clk 0:42:23]} Qd4 {[%clk 0:45:44]} 18. Nc4
{[%clk 0:40:07]} e4 {[%clk 0:26:08]} 19. Nd6 {[%clk 0:32:53]} Rb8
{[%clk 0:25:48]} 20. Nxe4 {[%clk 0:30:14]} c4 {[%clk 0:25:19]} 21. Re1
{[%clk 0:13:29]} cxd3 {[%clk 0:14:39]} 22. Qxd3 {[%clk 0:13:17]} Qxd3
{[%clk 0:12:36]} 23. exd3 {[%clk 0:13:42]} Rfd8 {[%clk 0:12:07]} 24. a4
{[%clk 0:11:07]} Bf5 {[%clk 0:10:13]} 25. Be3 {[%clk 0:05:30]} Rxb2
{[%clk 0:08:17]} 26. Rab1 {[%clk 0:05:03]} Rxd3 {[%clk 0:06:15]} 27. Rxb2
{[%clk 0:04:33]} Bxb2 {[%clk 0:06:10]} 28. Bxa7 {[%clk 0:04:25]} Kg7
{[%clk 0:05:47]} 29. Bc5 {[%clk 0:02:40]} Ba3 {[%clk 0:05:06]} 30. Ra1
{[%clk 0:01:53]} Bxe4 {[%clk 0:04:01]} 31. Bxa3 {[%clk 0:02:17]} Bf3
{[%clk 0:04:21]} 32. a5 {[%clk 0:02:31]} Kf6 {[%clk 0:03:55]} 33. a6
{[%clk 0:02:35]} Rd1+ {[%clk 0:03:56]} 34. Rxd1 {[%clk 0:03:00]} Bxd1
{[%clk 0:04:19]} 35. Kg2 {[%clk 0:02:50]} Bb3 {[%clk 0:04:44]} 36. Kf3
{[%clk 0:02:59]} Bc4 {[%clk 0:04:29]} 37. a7 {[%clk 0:03:23]} Bd5+
{[%clk 0:04:55]} 38. Ke3 {[%clk 0:03:12]} h5 {[%clk 0:04:32]} 39. Kd4
{[%clk 0:03:19]} Bf3 {[%clk 0:04:43]} 40. Ke3 {[%clk 0:33:14]} Bc6
{[%clk 0:35:06]} 41. f3 Ke6 42. Kf4 {[%clk 0:31:26]} f5 {[%clk 0:30:07]} 1/2-1/2

[Event "imp"]
[Site "?"]
[Date "2015.04.01"]
[Round "9.2"]
[White "Gajewski, Grzegorz"]
[Black "Olszewski, Michal"]
[Result "1-0"]
[LiveChessVersion "1.4.4"]
[BlackElo "2567"]
[WhiteElo "2648"]

1. d4 {[%clk 1:30:57]} Nf6 {[%clk 1:30:56]} 2. c4 {[%clk 1:31:22]} e6
{[%clk 1:31:24]} 3. Nf3 {[%clk 1:31:45]} b6 {[%clk 1:31:49]} 4. g3
{[%clk 1:32:10]} Ba6 {[%clk 1:32:12]} 5. b3 {[%clk 1:32:29]} d5 {[%clk 1:29:42]}
6. cxd5 {[%clk 1:28:48]} exd5 {[%clk 1:29:57]} 7. Bg2 {[%clk 1:29:02]} Be7
{[%clk 1:28:52]} 8. O-O {[%clk 1:29:13]} O-O {[%clk 1:29:11]} 9. Nc3
{[%clk 1:29:31]} Nbd7 {[%clk 1:26:40]} 10. Ne5 {[%clk 1:24:52]} Bb7
{[%clk 1:25:23]} 11. Bf4 {[%clk 1:24:33]} Re8 {[%clk 1:23:27]} 12. Rc1
{[%clk 1:19:57]} Nf8 {[%clk 1:21:06]} 13. Nb5 {[%clk 1:14:40]} Ne6
{[%clk 1:14:15]} 14. Nc6 {[%clk 1:02:00]} Qd7 {[%clk 1:09:10]} 15. Nxe7+
{[%clk 0:47:30]} Rxe7 {[%clk 1:09:24]} 16. a4 {[%clk 0:46:54]} Nxf4
{[%clk 1:07:34]} 17. gxf4 {[%clk 0:46:07]} c6 {[%clk 1:06:13]} 18. Nc3
{[%clk 0:46:22]} Qd6 {[%clk 1:04:10]} 19. e3 {[%clk 0:46:30]} Bc8
{[%clk 1:02:12]} 20. Ne2 {[%clk 0:37:11]} h5 {[%clk 0:54:02]} 21. Qc2
{[%clk 0:35:33]} Bd7 {[%clk 0:54:21]} 22. Kh1 {[%clk 0:35:51]} Rc8
{[%clk 0:49:42]} 23. Rg1 {[%clk 0:35:45]} Ng4 {[%clk 0:47:14]} 24. Rgf1
{[%clk 0:23:42]} Qf6 {[%clk 0:43:09]} 25. Ng1 {[%clk 0:23:48]} Bf5
{[%clk 0:33:51]} 26. Qd2 {[%clk 0:23:51]} Ree8 {[%clk 0:18:42]} 27. h3
{[%clk 0:23:29]} Nh6 {[%clk 0:16:54]} 28. Nf3 {[%clk 0:23:52]} Be4
{[%clk 0:17:15]} 29. Rg1 {[%clk 0:23:49]} Nf5 {[%clk 0:14:48]} 30. Ne5
{[%clk 0:23:13]} Bxg2+ {[%clk 0:12:38]} 31. Rxg2 {[%clk 0:23:35]} Qe6
{[%clk 0:12:30]} 32. Rcg1 {[%clk 0:18:58]} f6 {[%clk 0:12:43]} 33. Ng6
{[%clk 0:19:12]} c5 {[%clk 0:08:12]} 34. dxc5 {[%clk 0:19:18]} d4
{[%clk 0:08:39]} 35. exd4 {[%clk 0:17:34]} Qxb3 {[%clk 0:08:24]} 36. Kh2
{[%clk 0:12:40]} Rcd8 {[%clk 0:04:20]} 37. Qc1 {[%clk 0:03:54]} Nxd4
{[%clk 0:03:26]} 38. Nh4 {[%clk 0:04:00]} Re7 {[%clk 0:03:25]} 39. cxb6
{[%clk 0:03:43]} axb6 {[%clk 0:03:13]} 40. Rxg7+ {[%clk 0:33:31]} Rxg7
{[%clk 0:31:40]} 41. Rxg7+ {[%clk 0:33:52]} Kxg7 {[%clk 0:29:53]} 42. Qc7+ Qf7
{[%clk 0:30:14]} 43. Qxd8 {[%clk 0:34:40]} Ne6 44. Qxb6 {[%clk 0:28:48]} Nxf4
{[%clk 0:30:29]} 45. Qd6 {[%clk 0:28:05]} Ne2 {[%clk 0:25:36]} 46. Nf5+
{[%clk 0:25:52]} Kh7 {[%clk 0:23:44]} 47. Qe7 {[%clk 0:25:44]} 1-0

[Event "imp"]
[Site "?"]
[Date "2015.04.01"]
[Round "9.3"]
[White "Socko, Bartosz"]
[Black "Tomczak, Jacek"]
[Result "1/2-1/2"]
[LiveChessVersion "1.4.4"]
[BlackElo "2554"]
[WhiteElo "2623"]

1. d4 {[%clk 1:30:30]} Nf6 {[%clk 1:30:50]} 2. c4 {[%clk 1:31:24]} e6
{[%clk 1:31:16]} 3. Nf3 {[%clk 1:31:46]} Bb4+ {[%clk 1:31:41]} 4. Bd2
{[%clk 1:32:10]} Qe7 {[%clk 1:32:03]} 5. g3 {[%clk 1:32:33]} Bxd2+
{[%clk 1:32:20]} 6. Nbxd2 {[%clk 1:32:56]} d6 {[%clk 1:27:16]} 7. Bg2
{[%clk 1:33:02]} O-O {[%clk 1:17:46]} 8. O-O {[%clk 1:33:22]} a5 {[%clk 1:17:43]}
9. e4 {[%clk 1:30:32]} e5 {[%clk 1:15:12]} 10. h3 {[%clk 1:28:30]} Nc6
{[%clk 0:49:54]} 11. d5 {[%clk 1:28:39]} Nb8 {[%clk 0:50:15]} 12. Ne1
{[%clk 1:28:59]} Na6 {[%clk 0:49:08]} 13. Nd3 {[%clk 1:29:15]} Nc5
{[%clk 0:37:12]} 14. Nxc5 {[%clk 1:23:02]} dxc5 {[%clk 0:36:44]} 15. f4
{[%clk 1:23:16]} Ra6 {[%clk 0:29:15]} 16. Qf3 {[%clk 1:20:29]} Re8
{[%clk 0:27:36]} 17. Rae1 {[%clk 1:20:27]} Nd7 {[%clk 0:27:07]} 18. Qc3
{[%clk 1:17:58]} f6 {[%clk 0:23:37]} 19. h4 {[%clk 1:09:39]} Nf8 {[%clk 0:17:02]}
20. Nb3 {[%clk 1:07:03]} Bg4 {[%clk 0:14:29]} 21. Bf3 {[%clk 1:03:43]} Bxf3
{[%clk 0:14:40]} 22. Qxf3 {[%clk 1:03:33]} a4 {[%clk 0:13:52]} 23. Nd2
{[%clk 1:01:48]} a3 {[%clk 0:12:16]} 24. bxa3 {[%clk 1:01:01]} Nd7
{[%clk 0:04:10]} 25. f5 {[%clk 0:57:05]} Nb6 {[%clk 0:04:26]} 26. g4
{[%clk 0:56:18]} Nc8 {[%clk 0:04:34]} 27. Rf2 {[%clk 0:53:49]} Nd6
{[%clk 0:04:33]} 28. Rg2 {[%clk 0:53:54]} Rea8 {[%clk 0:04:16]} 29. Re3
{[%clk 0:54:04]} h6 {[%clk 0:02:52]} 30. Rb3 {[%clk 0:53:38]} Ra4
{[%clk 0:03:01]} 31. Qe3 {[%clk 0:51:11]} b6 {[%clk 0:03:11]} 32. Rc3
{[%clk 0:51:29]} Kf8 {[%clk 0:02:48]} 33. Kf2 {[%clk 0:46:38]} Ke8
{[%clk 0:02:48]} 34. Ke1 {[%clk 0:45:52]} Kd7 {[%clk 0:02:11]} 35. Rg3
{[%clk 0:45:16]} Nf7 {[%clk 0:01:10]} 36. Kd1 {[%clk 0:44:42]} Qe8
{[%clk 0:00:46]} 37. Qd3 {[%clk 0:43:01]} Nd6 {[%clk 0:00:59]} 38. g5
{[%clk 0:40:47]} hxg5 {[%clk 0:00:48]} 39. hxg5 {[%clk 0:41:11]} Qh5+
{[%clk 0:00:59]} 40. Kc2 {[%clk 1:10:02]} Qh1 {[%clk 0:30:38]} 41. gxf6
{[%clk 1:07:38]} gxf6 {[%clk 0:30:23]} 42. Rg7+ {[%clk 1:07:13]} Kc8
{[%clk 0:30:03]} 43. Qh3 {[%clk 1:00:14]} Qxh3 {[%clk 0:23:30]} 44. Rxh3
{[%clk 1:00:34]} Rxa3 {[%clk 0:23:50]} 45. Rh8+ {[%clk 0:53:17]} Kb7
{[%clk 0:24:12]} 46. Rxa8 {[%clk 0:53:25]} Rxa8 {[%clk 0:24:23]} 47. Kb3
{[%clk 0:53:37]} Rh8 {[%clk 0:24:04]} 48. Rg6 {[%clk 0:54:02]} Rh2
{[%clk 0:21:34]} 49. Kc3 {[%clk 0:54:19]} b5 {[%clk 0:21:23]} 50. cxb5
{[%clk 0:53:52]} Nxb5+ 51. Kc4 {[%clk 0:48:35]} Nd6+ {[%clk 0:21:22]} 52. Kc3
{[%clk 0:48:46]} Rh3+ {[%clk 0:21:10]} 53. Kc2 {[%clk 0:49:04]} c4
{[%clk 0:16:22]} 54. Rxf6 {[%clk 0:49:15]} Nb5 {[%clk 0:16:37]} 55. Kd1
{[%clk 0:44:35]} Rh1+ {[%clk 0:13:12]} 56. Kc2 {[%clk 0:43:53]} Rh2
{[%clk 0:09:49]} 57. a4 {[%clk 0:43:45]} Nd6 {[%clk 0:07:48]} 1/2-1/2

[Event "imp"]
[Site "?"]
[Date "2015.04.01"]
[Round "9.4"]
[White "Piorun, Kacper"]
[Black "Dragun, Kamil"]
[Result "1-0"]
[LiveChessVersion "1.4.4"]
[BlackElo "2558"]
[WhiteElo "2528"]

1. e4 {[%clk 1:30:58]} c6 {[%clk 1:30:54]} 2. d4 {[%clk 1:30:58]} d5
{[%clk 1:31:22]} 3. Nd2 {[%clk 1:31:09]} dxe4 {[%clk 1:31:45]} 4. Nxe4
{[%clk 1:31:35]} Bf5 {[%clk 1:32:08]} 5. Ng3 {[%clk 1:31:59]} Bg6
{[%clk 1:32:30]} 6. h4 {[%clk 1:32:25]} h6 {[%clk 1:32:51]} 7. Nf3
{[%clk 1:32:51]} Nd7 {[%clk 1:33:20]} 8. h5 {[%clk 1:33:15]} Bh7 {[%clk 1:33:46]}
9. Bd3 {[%clk 1:33:41]} Bxd3 {[%clk 1:34:00]} 10. Qxd3 {[%clk 1:34:07]} e6
{[%clk 1:34:20]} 11. Bd2 {[%clk 1:34:32]} a5 {[%clk 1:34:43]} 12. O-O-O
{[%clk 1:33:00]} Bb4 {[%clk 1:35:03]} 13. Ne4 {[%clk 1:29:48]} Ngf6
{[%clk 1:35:22]} 14. Nxf6+ {[%clk 1:29:15]} Nxf6 {[%clk 1:35:28]} 15. c3
{[%clk 1:29:41]} Be7 {[%clk 1:35:47]} 16. Ne5 {[%clk 1:30:07]} Qd5
{[%clk 1:36:02]} 17. c4 {[%clk 1:30:32]} Qe4 {[%clk 1:36:27]} 18. Qg3
{[%clk 1:30:58]} Qh7 {[%clk 1:36:45]} 19. Qb3 {[%clk 1:30:46]} O-O
{[%clk 1:37:02]} 20. Qxb7 {[%clk 1:28:06]} Bd6 {[%clk 1:37:24]} 21. f3
{[%clk 1:26:47]} a4 {[%clk 1:29:51]} 22. Rhe1 {[%clk 1:23:57]} Nxh5
{[%clk 1:08:11]} 23. Qxc6 {[%clk 1:19:07]} Bxe5 {[%clk 1:01:44]} 24. Rxe5
{[%clk 1:13:50]} Ng3 {[%clk 0:50:44]} 25. Be1 {[%clk 1:07:58]} Rfc8
{[%clk 0:49:26]} 26. Qb5 {[%clk 1:08:24]} Rcb8 {[%clk 0:45:21]} 27. Qc5
{[%clk 1:07:49]} Qg6 {[%clk 0:29:05]} 28. Qa3 {[%clk 0:53:01]} Nh5
{[%clk 0:28:40]} 29. g4 {[%clk 0:44:19]} Nf4 {[%clk 0:28:27]} 30. Qe3
{[%clk 0:38:52]} Rc8 {[%clk 0:14:46]} 31. Qxf4 {[%clk 0:28:41]} Rxc4+
{[%clk 0:15:12]} 32. Bc3 {[%clk 0:29:08]} a3 {[%clk 0:15:37]} 33. Qe4
{[%clk 0:27:26]} axb2+ {[%clk 0:16:03]} 34. Kd2 {[%clk 0:25:52]} Rxa2
{[%clk 0:15:14]} 35. Rb1 {[%clk 0:26:11]} Qf6 {[%clk 0:10:24]} 36. Rc5
{[%clk 0:23:06]} Raa4 {[%clk 0:09:35]} 37. Rxc4 {[%clk 0:21:59]} Rxc4
{[%clk 0:10:04]} 38. Rxb2 {[%clk 0:22:20]} Rc8 {[%clk 0:10:32]} 39. Ra2
{[%clk 0:14:39]} Qd8 {[%clk 0:09:31]} 40. Ra7 {[%clk 0:41:55]} Qg5+
{[%clk 0:37:12]} 41. Kc2 {[%clk 0:41:38]} Qb5 {[%clk 0:37:35]} 42. Ra8
{[%clk 0:41:11]} Rxa8 {[%clk 0:37:59]} 43. Qxa8+ {[%clk 0:41:36]} Kh7
{[%clk 0:38:24]} 44. Qe4+ {[%clk 0:41:45]} Kg8 {[%clk 0:38:48]} 45. Qe5
{[%clk 0:38:43]} Qa4+ {[%clk 0:38:57]} 46. Kb2 {[%clk 0:39:04]} Qa7 47. Kc2
{[%clk 0:22:07]} Qa2+ {[%clk 0:36:41]} 48. Kd3 {[%clk 0:22:11]} Qb1+
{[%clk 0:36:25]} 49. Ke2 {[%clk 0:22:22]} Qc2+ {[%clk 0:36:10]} 50. Bd2
{[%clk 0:22:20]} Qc4+ {[%clk 0:36:16]} 51. Kf2 {[%clk 0:22:37]} Qa2
{[%clk 0:36:30]} 52. Qe3 {[%clk 0:22:45]} f6 {[%clk 0:36:01]} 53. Kg3
{[%clk 0:22:30]} Kf7 {[%clk 0:36:30]} 54. Be1 {[%clk 0:20:25]} Qc4
{[%clk 0:36:36]} 55. Qc3 {[%clk 0:19:51]} Qd5 {[%clk 0:36:05]} 56. Qc7+
{[%clk 0:19:58]} Kg6 {[%clk 0:36:24]} 57. Qc5 {[%clk 0:18:56]} Qb3
{[%clk 0:36:35]} 58. Bf2 {[%clk 0:18:12]} Qb8+ {[%clk 0:36:58]} 59. Kg2
{[%clk 0:18:38]} Qb3 {[%clk 0:37:20]} 60. Qc6 {[%clk 0:18:12]} Kf7
{[%clk 0:37:28]} 61. f4 {[%clk 0:17:26]} Kg6 {[%clk 0:33:14]} 62. Qe4+
{[%clk 0:16:17]} f5 {[%clk 0:33:25]} 63. gxf5+ {[%clk 0:16:12]} exf5
{[%clk 0:33:54]} 64. Qc6+ {[%clk 0:16:36]} Kh7 {[%clk 0:33:59]} 65. Qc5
{[%clk 0:13:52]} Qe6 {[%clk 0:33:51]} 66. Qc3 {[%clk 0:10:58]} g5
{[%clk 0:33:49]} 67. Qc7+ {[%clk 0:10:51]} Kg6 {[%clk 0:34:02]} 68. Qe5
{[%clk 0:11:02]} Qc4 {[%clk 0:33:59]} 69. d5 {[%clk 0:09:48]} gxf4
{[%clk 0:34:12]} 70. Qd4 {[%clk 0:07:43]} Qc1 {[%clk 0:31:11]} 71. d6
{[%clk 0:07:12]} Qc6+ {[%clk 0:31:39]} 72. Kh2 {[%clk 0:07:30]} Qd7
{[%clk 0:31:16]} 73. Qxf4 {[%clk 0:07:48]} h5 {[%clk 0:31:45]} 74. Bh4
{[%clk 0:07:40]} Qb5 {[%clk 0:31:53]} 75. Qg5+ {[%clk 0:08:04]} 1-0

[Event "imp"]
[Site "?"]
[Date "2015.04.01"]
[Round "9.5"]
[White "Bartel, Mateusz"]
[Black "Sieciechowicz, Marcin"]
[Result "1-0"]
[LiveChessVersion "1.4.4"]
[BlackElo "2447"]
[WhiteElo "2627"]

1. e4 {[%clk 1:30:57]} c5 {[%clk 1:30:33]} 2. Nf3 {[%clk 1:31:19]} d6
{[%clk 1:31:00]} 3. d4 {[%clk 1:31:41]} cxd4 {[%clk 1:31:27]} 4. Nxd4
{[%clk 1:32:01]} Nf6 {[%clk 1:31:54]} 5. Nc3 {[%clk 1:32:22]} a6 {[%clk 1:32:21]}
6. h3 {[%clk 1:32:47]} e6 {[%clk 1:32:44]} 7. g4 {[%clk 1:33:11]} d5
{[%clk 1:33:09]} 8. Nde2 {[%clk 1:33:33]} Nxe4 {[%clk 1:30:09]} 9. Nxe4
{[%clk 1:33:51]} dxe4 {[%clk 1:30:37]} 10. Qxd8+ {[%clk 1:34:08]} Kxd8
{[%clk 1:31:06]} 11. Be3 {[%clk 1:32:56]} Bb4+ {[%clk 1:18:24]} 12. c3
{[%clk 1:24:01]} Bd6 {[%clk 1:17:22]} 13. O-O-O {[%clk 1:23:15]} Kc7
{[%clk 1:16:45]} 14. Bg2 {[%clk 1:23:38]} f5 {[%clk 1:13:09]} 15. gxf5
{[%clk 1:10:53]} exf5 {[%clk 1:12:34]} 16. Nf4 {[%clk 1:11:14]} Bxf4
{[%clk 0:51:24]} 17. Bxf4+ {[%clk 1:11:30]} Kb6 {[%clk 0:51:48]} 18. a4
{[%clk 1:11:32]} a5 {[%clk 0:48:58]} 19. Rd6+ {[%clk 1:08:39]} Nc6
{[%clk 0:45:23]} 20. Rhd1 {[%clk 1:09:07]} Re8 {[%clk 0:42:40]} 21. R1d5
{[%clk 1:08:29]} Ra6 {[%clk 0:31:13]} 22. Bf1 {[%clk 1:07:05]} Be6
{[%clk 0:28:25]} 23. Re5 {[%clk 1:07:13]} Bf7 {[%clk 0:21:54]} 24. Rb5+
{[%clk 1:06:14]} Ka7 {[%clk 0:21:49]} 25. Rxb7+ {[%clk 1:03:38]} Kxb7
{[%clk 0:22:05]} 26. Bxa6+ {[%clk 1:04:02]} Kb6 {[%clk 0:20:32]} 27. Bb5
{[%clk 1:04:29]} Rc8 {[%clk 0:18:39]} 28. Rd7 {[%clk 1:04:49]} 1-0

[Event "imp"]
[Site "?"]
[Date "2015.04.01"]
[Round "9.6"]
[White "Swiercz, Dariusz"]
[Black "Mista, Aleksander"]
[Result "1-0"]
[LiveChessVersion "1.4.4"]
[BlackElo "2597"]
[WhiteElo "2622"]

1. e4 {[%clk 1:30:57]} e5 {[%clk 1:30:46]} 2. Nf3 {[%clk 1:31:20]} Nc6
{[%clk 1:31:14]} 3. Bb5 {[%clk 1:31:44]} a6 {[%clk 1:31:41]} 4. Ba4
{[%clk 1:32:09]} Nf6 {[%clk 1:32:07]} 5. d3 {[%clk 1:31:09]} b5 {[%clk 1:32:28]}
6. Bb3 {[%clk 1:31:34]} Be7 {[%clk 1:32:55]} 7. O-O {[%clk 1:31:44]} d6
{[%clk 1:33:19]} 8. a3 {[%clk 1:30:28]} O-O {[%clk 1:33:44]} 9. Re1
{[%clk 1:29:36]} Na5 {[%clk 1:31:16]} 10. Ba2 {[%clk 1:29:38]} c5
{[%clk 1:31:38]} 11. Nbd2 {[%clk 1:25:13]} Nc6 {[%clk 1:30:31]} 12. Nf1
{[%clk 1:24:59]} Be6 {[%clk 1:27:33]} 13. Bxe6 {[%clk 1:23:30]} fxe6
{[%clk 1:27:59]} 14. Ng3 {[%clk 1:23:36]} h6 {[%clk 1:17:56]} 15. c3
{[%clk 1:22:50]} Nh7 {[%clk 1:16:33]} 16. d4 {[%clk 1:20:18]} exd4
{[%clk 1:05:24]} 17. cxd4 {[%clk 1:20:31]} cxd4 {[%clk 1:00:53]} 18. Nxd4
{[%clk 1:20:54]} Nxd4 {[%clk 1:01:21]} 19. Qxd4 {[%clk 1:21:18]} Bf6
{[%clk 1:01:49]} 20. Qd3 {[%clk 1:20:40]} Be5 {[%clk 1:00:36]} 21. Rf1
{[%clk 1:01:53]} Nf6 {[%clk 0:28:07]} 22. f4 {[%clk 0:44:14]} Ng4
{[%clk 0:28:24]} 23. Ne2 {[%clk 0:40:03]} Qb6+ {[%clk 0:25:04]} 24. Kh1
{[%clk 0:40:29]} Bf6 {[%clk 0:12:08]} 25. Qg3 {[%clk 0:37:08]} h5
{[%clk 0:11:58]} 26. h3 {[%clk 0:37:17]} Nh6 {[%clk 0:12:24]} 27. f5
{[%clk 0:32:48]} Be5 {[%clk 0:12:46]} 28. Qb3 {[%clk 0:31:42]} d5
{[%clk 0:10:45]} 29. Bxh6 {[%clk 0:31:30]} gxh6 {[%clk 0:11:13]} 30. Nf4
{[%clk 0:29:52]} Bxf4 {[%clk 0:08:32]} 31. Rxf4 {[%clk 0:30:17]} Qd6
{[%clk 0:07:41]} 32. Raf1 {[%clk 0:28:49]} Kh7 {[%clk 0:02:34]} 33. f6
{[%clk 0:26:23]} d4 {[%clk 0:01:48]} 34. f7 {[%clk 0:07:52]} d3 {[%clk 0:02:15]}
35. e5 {[%clk 0:06:31]} Qd5 {[%clk 0:02:19]} 36. Qd1 {[%clk 0:04:40]} Qxe5
{[%clk 0:01:08]} 37. Qxd3+ {[%clk 0:05:09]} Kh8 {[%clk 0:01:34]} 38. Rf6
{[%clk 0:05:19]} Qg5 {[%clk 0:02:00]} 39. Rg6 {[%clk 0:04:38]} Rad8
{[%clk 0:02:28]} 40. Qc3+ {[%clk 0:35:03]} 1-0